Wind Energy

Veterná energia je vďaka svojim výhodám jedným z najrýchlejšie rastúcich obnoviteľných zdrojov energie. Čisté energie, ako je aj veterná, nám môžu pomôcť vyriešiť viaceré výzvy dnešných dní. Energia vetra vzniká dôsledkom nerovnomerného ohrievania zemského povrchu Slnkom. Ohrievaním vzduchu a jeho n...

Descrizione completa

Salvato in:
Dettagli Bibliografici
Autore principale: Dugas, Jaroslav, 1967-
Altri autori: Bosák, Martin, 1967-, Ferencz, Vojtech
Natura: Capitolo di libro
Lingua:slovacco
Soggetti:
Tags: Aggiungi Tag
Nessun Tag, puoi essere il primo ad aggiungerne!!

MARC

LEADER 00000naa$a2200000$$$4500
001 0313637
005 20251217075937.4
041 0 |a slo 
044 |a SK 
245 1 0 |a Wind Energy  |c Jaroslav Dugas, Martin Bosák, Vojtech Ferencz 
520 |a Veterná energia je vďaka svojim výhodám jedným z najrýchlejšie rastúcich obnoviteľných zdrojov energie. Čisté energie, ako je aj veterná, nám môžu pomôcť vyriešiť viaceré výzvy dnešných dní. Energia vetra vzniká dôsledkom nerovnomerného ohrievania zemského povrchu Slnkom. Ohrievaním vzduchu a jeho následným stúpaním do výšky dochádza k prúdeniu vzdušnej masy okolo Zeme. Energia vetra patrí k najstarším vedome využívaným obnoviteľným zdrojom energie. O výstavbe veterných elektrární sa toho v posledných rokoch nahovorilo mnoho. Polemizuje sa, prečo je s tým na Slovensku taký problém, čo nás brzdí, ako si procesy uľahčiť. 
610 2 0 |a energia 
610 2 0 |a energia veterná 
610 2 0 |a energia zelená 
610 2 0 |a konkurencieschopnosť 
610 2 0 |a miera zisku 
610 2 0 |a legislatíva 
100 1 |a Dugas, Jaroslav, 1967- 
700 1 |a Bosák, Martin, 1967- 
700 1 |a Ferencz, Vojtech